[Event "Internet Section 10A g/8'+2\""]
[Site "Dos Hermanas"]
[Date "2004.03.10"]
[Round "3"]
[White "Kharlov, Andrei"]
[Black "Starostits, Ilmars"]
[Result "1-0"]
[WhiteElo "2591"]
[BlackElo "2431"]
[PlyCount "71"]
[EventDate "2004.03.10"]
[EventType "swiss (blitz)"]
[EventRounds "9"]
[EventCountry "ESP"]
[SourceTitle "EXT 2005"]
[Source "ChessBase"]
[SourceDate "2004.11.15"]
[SourceVersion "1"]
[SourceVersionDate "2004.11.15"]
[SourceQuality "1"]

1. d4 d5 2. Nf3 c6 3. c4 dxc4 4. e3 Be6 5. Nbd2 b5 6. a4 Nf6 7. axb5 cxb5 8. b3
g6 9. bxc4 bxc4 10. Bxc4 Bxc4 11. Nxc4 Bg7 12. Qa4+ Nbd7 13. Nfe5 O-O 14. Nc6
Qe8 15. O-O Nd5 16. N4a5 N7b6 17. Qa3 e6 18. e4 Nf6 19. f3 Qd7 20. Be3 Rfd8 21.
Nxd8 Qxd8 22. Rfc1 h5 23. Nc6 Qd7 24. Qe7 Kh7 25. Qxd7 Nfxd7 26. Rxa7 Rxa7 27.
Nxa7 g5 28. Nc8 Kg6 29. Nxb6 Nxb6 30. d5 Nd7 31. Rc7 Ne5 32. d6 Bf8 33. d7 Be7
34. Rb7 Kf6 35. Bd4 h4 36. Kf1 1-0

[Event "Internet Section 10A g/8'+2\""]
[Site "Dos Hermanas"]
[Date "2004.03.10"]
[Round "4"]
[White "Komliakov, Viktor"]
[Black "Kharlov, Andrei"]
[Result "1/2-1/2"]
[WhiteElo "2435"]
[BlackElo "2591"]
[PlyCount "258"]
[EventDate "2004.03.10"]
[EventType "swiss (blitz)"]
[EventRounds "9"]
[EventCountry "ESP"]
[SourceTitle "EXT 2005"]
[Source "ChessBase"]
[SourceDate "2004.11.15"]
[SourceVersion "1"]
[SourceVersionDate "2004.11.15"]
[SourceQuality "1"]

1. e4 c5 2. Nf3 Nc6 3. Bb5 d6 4. Bxc6+ bxc6 5. O-O Bg4 6. h3 Bh5 7. Re1 e5 8.
d3 Be7 9. c3 Nf6 10. Nbd2 O-O 11. Nf1 Nd7 12. g4 Bg6 13. Ng3 Kh8 14. Kg2 a5 15.
h4 f6 16. h5 Bf7 17. Nf5 a4 18. Rh1 Kg8 19. c4 d5 20. Qc2 dxc4 21. dxc4 Nb6 22.
Nd2 Ra7 23. Rb1 Rd7 24. b3 axb3 25. axb3 Re8 26. Nxe7+ Qxe7 27. Nf1 Be6 28. Ne3
Red8 29. Ra1 Rd3 30. Ra2 Qd7 31. f3 Qd4 32. Re1 Qc3 33. Qxc3 Rxc3 34. Ba3 Ra8
35. Rea1 Rxe3 36. Bxc5 Rxa2+ 37. Rxa2 Rxb3 38. Ra6 Nd7 39. Bd6 Rb6 40. Ra8+ Kf7
41. c5 Rb2+ 42. Kg3 Ra2 43. Rc8 Ra6 44. Rh8 h6 45. Rc8 Bc4 46. Rd8 Ra7 47. Kf2
Bb5 48. Ke3 Ba4 49. Kf2 Rb7 50. Kg3 Bd1 51. Kg2 Rb2+ 52. Kg3 Rb7 53. Kf2 Ra7
54. Kg2 f5 55. exf5 e4 56. fxe4 Bxg4 57. Kg3 Bd1 58. e5 Bb3 59. e6+ Bxe6 60.
fxe6+ Kxe6 61. Re8+ Kd5 62. Re7 Ra3+ 63. Kf4 Nf6 64. Re5+ Kc4 65. Kf5 Rg3 66.
Ke6 Rh3 67. Kf7 Rxh5 68. Re1 Rg5 69. Rc1+ Kd5 70. Be7 h5 71. Rd1+ Kc4 72. Rc1+
Kb3 73. Rb1+ Kc4 74. Rc1+ Kd5 75. Rd1+ Ke5 76. Re1+ Kf4 77. Re6 h4 78. Rxc6 h3
79. Bd6+ Kf3 80. Ra6 Ne4 81. Ra3+ Kg4 82. Ra4 Kf5 83. Bb8 Rg2 84. c6 g5 85.
Ra5+ Kg4 86. Ra4 Kf3 87. Ra3+ Ke2 88. Ra2+ Kf3 89. Ra3+ Kg4 90. Ra4 Re2 91. c7
Rc2 92. Rxe4+ Kf3 93. Re1 h2 94. c8=Q Rxc8 95. Bxh2 g4 96. Rg1 Rh8 97. Be5 Rh3
98. Kg6 g3 99. Kf5 g2 100. Bd4 Rh5+ 101. Ke6 Rh6+ 102. Kd5 Rh1 103. Kc4 Kg3
104. Kd3 Kh2 105. Rxg2+ Kxg2 106. Be3 Kf3 107. Bd4 Rd1+ 108. Kc4 Ke4 109. Bf6
Rc1+ 110. Kb5 Kd5 111. Kb4 Rc4+ 112. Kb3 Rf4 113. Bg7 Kc5 114. Kc3 Rf3+ 115.
Kd2 Kc4 116. Ke2 Rb3 117. Kd2 Rd3+ 118. Ke2 Rg3 119. Bf6 Kd5 120. Kd2 Ke4 121.
Kc2 Rf3 122. Bg7 Rd3 123. Bf6 Rd6 124. Bg7 Rc6+ 125. Kd2 Rc8 126. Bf6 Rf8 127.
Bg7 Rf3 128. Kc2 Ke3 129. Kc3 Ke4+ 1/2-1/2

[Event "Internet Section 10A g/8'+2\""]
[Site "Dos Hermanas"]
[Date "2004.03.10"]
[Round "5"]
[White "Kharlov, Andrei"]
[Black "Malyshev, Vasilij"]
[Result "1-0"]
[WhiteElo "2591"]
[BlackElo "2377"]
[PlyCount "35"]
[EventDate "2004.03.10"]
[EventType "swiss (blitz)"]
[EventRounds "9"]
[EventCountry "ESP"]
[SourceTitle "EXT 2005"]
[Source "ChessBase"]
[SourceDate "2004.11.15"]
[SourceVersion "1"]
[SourceVersionDate "2004.11.15"]
[SourceQuality "1"]

1. d4 Nf6 2. c4 e6 3. Nc3 d5 4. cxd5 exd5 5. Bg5 Be7 6. e3 Nbd7 7. Nf3 c6 8.
Bd3 O-O 9. Qc2 Re8 10. O-O Nf8 11. Rae1 Be6 12. Nd2 Bd6 13. f4 Be7 14. Nf3 Ng4
15. Bxe7 Qxe7 16. f5 Bd7 17. e4 dxe4 18. Rxe4 1-0

[Event "Internet Section 10A g/8'+2\""]
[Site "Dos Hermanas"]
[Date "2004.03.10"]
[Round "7"]
[White "Kharlov, Andrei"]
[Black "Vukanovic, Sasa"]
[Result "0-1"]
[WhiteElo "2591"]
[BlackElo "2350"]
[PlyCount "78"]
[EventDate "2004.03.10"]
[EventType "swiss (blitz)"]
[EventRounds "9"]
[EventCountry "ESP"]
[SourceTitle "EXT 2005"]
[Source "ChessBase"]
[SourceDate "2004.11.15"]
[SourceVersion "1"]
[SourceVersionDate "2004.11.15"]
[SourceQuality "1"]

1. d4 Nf6 2. c4 e6 3. Nc3 Bb4 4. Qc2 O-O 5. a3 Bxc3+ 6. Qxc3 Ne4 7. Qc2 f5 8.
Nh3 d6 9. f3 Nf6 10. e3 e5 11. Be2 a5 12. O-O a4 13. Bd2 Nc6 14. dxe5 dxe5 15.
Rad1 Qe7 16. Nf2 Be6 17. Bc3 Nd7 18. Bd2 Qf7 19. Rc1 Nc5 20. Rcd1 Nb3 21. Bb4
Rfd8 22. Rxd8+ Rxd8 23. Rd1 Rxd1+ 24. Nxd1 Nxb4 25. axb4 Qd7 26. Nc3 b6 27. Nd5
Qd6 28. Kf2 c5 29. bxc5 Qxc5 30. Nc3 f4 31. Qe4 Nd2 32. Qa8+ Kf7 33. Nxa4 Qxe3+
34. Ke1 Nxc4 35. Qa7+ Kf6 36. Qa8 Qd2+ 37. Kf1 Qd4 38. Nc3 Ne3+ 39. Kg1 Ng4+
0-1

[Event "Internet Section 10B g/8'+2\""]
[Site "Dos Hermanas"]
[Date "2004.03.11"]
[Round "1"]
[White "Can, Ilhan"]
[Black "Kharlov, Andrei"]
[Result "0-1"]
[WhiteElo "2018"]
[BlackElo "2591"]
[PlyCount "127"]
[EventDate "2004.03.10"]
[EventType "swiss (blitz)"]
[EventRounds "9"]
[EventCountry "ESP"]
[SourceTitle "EXT 2005"]
[Source "ChessBase"]
[SourceDate "2004.11.15"]
[SourceVersion "1"]
[SourceVersionDate "2004.11.15"]
[SourceQuality "1"]

1. e4 c5 2. Nf3 Nc6 3. Bb5 d6 4. O-O Bd7 5. Re1 Nf6 6. c3 a6 7. Bd3 Bg4 8. h3
Bh5 9. Bc2 e6 10. d3 Be7 11. Nbd2 Nd7 12. Nf1 O-O 13. Ng3 Bg6 14. Nh2 Bh4 15.
Nf3 Bf6 16. Nh2 e5 17. f4 exf4 18. Bxf4 Be5 19. Rf1 Bxf4 20. Rxf4 Nde5 21. Qe2
d5 22. Raf1 d4 23. Nf3 c4 24. Nxe5 Nxe5 25. Rd1 cxd3 26. Bxd3 dxc3 27. bxc3 Qg5
28. Qe3 Rad8 29. Rf3 Qxe3+ 30. Rxe3 Rd7 31. Be2 Rfd8 32. Rxd7 Rxd7 33. Nf1 f6
34. Bg4 Rd6 35. Bf5 Bf7 36. Re2 Bc4 37. Rd2 Rxd2 38. Nxd2 Bxa2 39. Bc8 a5 40.
Bxb7 a4 41. Bd5+ Bxd5 42. exd5 a3 43. Nb3 Nc4 44. Kf2 Nb6 45. d6 Kf7 46. Ke3
Ke6 47. Nd4+ Kd7 48. Kd3 a2 49. Nb3 Kxd6 50. Kd4 Na4 51. c4 f5 52. h4 g6 53.
Na1 h6 54. Nb3 Nc5 55. Na1 Ne6+ 56. Kc3 Nf4 57. Kb3 Nxg2 58. Kxa2 f4 59. Nb3
Nxh4 60. Nd2 g5 61. Kb3 g4 62. Kc3 g3 63. Kd3 g2 64. Ne4+ 0-1

[Event "Internet Section 10B g/8'+2\""]
[Site "Dos Hermanas"]
[Date "2004.03.11"]
[Round "3"]
[White "Ashe, Brandon"]
[Black "Kharlov, Andrei"]
[Result "1-0"]
[WhiteElo "2228"]
[BlackElo "2591"]
[PlyCount "49"]
[EventDate "2004.03.10"]
[EventType "swiss (blitz)"]
[EventRounds "9"]
[EventCountry "ESP"]
[SourceTitle "EXT 2005"]
[Source "ChessBase"]
[SourceDate "2004.11.15"]
[SourceVersion "1"]
[SourceVersionDate "2004.11.15"]
[SourceQuality "1"]

1. e4 c5 2. Nc3 e6 3. g3 Nc6 4. Bg2 g6 5. f4 Bg7 6. Nf3 d6 7. O-O Nge7 8. d3
O-O 9. f5 exf5 10. Be3 Nd4 11. Qd2 Be6 12. Bh6 Qd7 13. Bxg7 Nxf3+ 14. Bxf3 Kxg7
15. d4 Qc7 16. Rad1 fxe4 17. Nxe4 Bf5 18. dxc5 Bxe4 19. Qd4+ Kg8 20. cxd6 Nf5
21. dxc7 Nxd4 22. Bxe4 Nc6 23. Rd7 Rac8 24. Rfxf7 Rxf7 25. Bd5 1-0

[Event "ACP Blitz Prelim2"]
[Site "playchess.com INT"]
[Date "2004.04.13"]
[Round "1"]
[White "Kharlov, Andrei"]
[Black "Sagalchik, Gennadij"]
[Result "1-0"]
[WhiteElo "2593"]
[BlackElo "2487"]
[PlyCount "149"]
[EventDate "2004.04.13"]
[EventType "tourn (blitz)"]
[EventRounds "17"]
[EventCountry "GER"]
[EventCategory "12"]
[SourceTitle "CBM 099 ext"]
[Source "ChessBase"]
[SourceDate "2004.05.04"]
[SourceVersion "1"]
[SourceVersionDate "2004.05.04"]
[SourceQuality "1"]

1. c4 Nc6 2. g3 e6 3. Bg2 d5 4. Nf3 g6 5. O-O Bg7 6. e3 Nge7 7. Qe2 O-O 8. d3
a5 9. Nc3 a4 10. Bd2 b6 11. Rfc1 Bb7 12. Rab1 Qd7 13. cxd5 exd5 14. d4 Ba6 15.
Qd1 Nb4 16. Ne1 Nf5 17. Nxa4 Nd3 18. Nxd3 Bxd3 19. Nc3 Bxb1 20. Rxb1 c6 21. a3
Nd6 22. Qc2 Nc4 23. Be1 Rfe8 24. a4 Bh6 25. Nd1 Qd6 26. Rc1 Rec8 27. b3 Na5 28.
Qd3 Nb7 29. Nc3 Bf8 30. Rb1 Qf6 31. Bd2 Qf5 32. Qf1 Nd6 33. Bh3 Qc2 34. Qe1 Rd8
35. Bg4 Ne4 36. Nxe4 Qxe4 37. Bh3 c5 38. Bc3 Bg7 39. Bg2 Qe6 40. Qd2 cxd4 41.
Bxd4 Bxd4 42. Qxd4 Rac8 43. Rd1 Qc6 44. Bxd5 Qc5 45. Qxc5 bxc5 46. e4 Kg7 47.
Rc1 Rc7 48. Kg2 Rb8 49. Kf3 Kf6 50. Ke3 Ke5 51. f4+ Kd6 52. Rd1 Ke7 53. h4 h5
54. a5 Ra7 55. Ra1 Kd6 56. Bc4 Kc6 57. a6 Kb6 58. Rd1 Kc6 59. e5 Re8 60. Rd6+
Kc7 61. Bxf7 Rb8 62. Rxg6 Rf8 63. Bc4 Kb8 64. Rb6+ Kc8 65. Rg6 Kb8 66. Rg5 Rd7
67. f5 Rd1 68. f6 Re1+ 69. Kf4 Rd8 70. Kf5 Re3 71. Kg6 Rf3 72. e6 Rg8+ 73. Kf7
Rh8 74. e7 Rh7+ 75. Rg7 1-0

[Event "ACP Blitz Prelim2"]
[Site "playchess.com INT"]
[Date "2004.04.13"]
[Round "2"]
[White "Erenburg, Sergey"]
[Black "Kharlov, Andrei"]
[Result "1/2-1/2"]
[WhiteElo "2513"]
[BlackElo "2593"]
[PlyCount "119"]
[EventDate "2004.04.13"]
[EventType "tourn (blitz)"]
[EventRounds "17"]
[EventCountry "GER"]
[EventCategory "12"]
[SourceTitle "CBM 099 ext"]
[Source "ChessBase"]
[SourceDate "2004.05.04"]
[SourceVersion "1"]
[SourceVersionDate "2004.05.04"]
[SourceQuality "1"]

1. e4 c5 2. Nf3 d6 3. d4 cxd4 4. Nxd4 Nf6 5. Nc3 Nc6 6. Bg5 e6 7. Qd2 Be7 8.
O-O-O Nxd4 9. Qxd4 O-O 10. f4 Qa5 11. e5 dxe5 12. Qxe5 Qxe5 13. fxe5 Nd5 14.
Bxe7 Nxe7 15. Bd3 b6 16. Be4 Rb8 17. Rhe1 Bb7 18. Rd7 Bxe4 19. Nxe4 Nc6 20. Ng5
h6 21. Nf3 Rfc8 22. Red1 Kf8 23. c3 Ke8 24. a3 b5 25. R7d6 Rb7 26. h4 Na5 27.
Nd2 Nc4 28. Nxc4 bxc4 29. R6d4 Rc5 30. Re4 Ke7 31. Rdd4 Rbc7 32. g4 f6 33.
exf6+ gxf6 34. Kc2 a5 35. a4 Rc8 36. Re2 h5 37. Rde4 R8c6 38. Rf2 hxg4 39. Rxg4
Rh5 40. Rff4 f5 41. Rxc4 Rxc4 42. Rxc4 e5 43. Rc5 f4 44. Rxa5 Kd6 45. b4 Rxh4
46. Kd3 Rh3+ 47. Kc4 f3 48. Rd5+ Ke6 49. Rd1 f2 50. Rf1 Rf3 51. a5 Kd6 52. a6
Kc6 53. b5+ Kb6 54. Kd5 Rxc3 55. Rxf2 Rc5+ 56. Kd6 Rxb5 57. Ra2 Ka7 58. Re2 Ra5
59. Rxe5 Rxe5 60. Kxe5 1/2-1/2

[Event "ACP Blitz Prelim2"]
[Site "playchess.com INT"]
[Date "2004.04.13"]
[Round "5"]
[White "Kharlov, Andrei"]
[Black "Kazhgaleyev, Murtas"]
[Result "1/2-1/2"]
[WhiteElo "2593"]
[BlackElo "2596"]
[PlyCount "26"]
[EventDate "2004.04.13"]
[EventType "tourn (blitz)"]
[EventRounds "17"]
[EventCountry "GER"]
[EventCategory "12"]
[SourceTitle "CBM 099 ext"]
[Source "ChessBase"]
[SourceDate "2004.05.04"]
[SourceVersion "1"]
[SourceVersionDate "2004.05.04"]
[SourceQuality "1"]

1. c4 g6 2. Nc3 Bg7 3. g3 e5 4. Bg2 Nc6 5. e3 d6 6. d3 f5 7. Rb1 Nf6 8. Nge2
O-O 9. O-O g5 10. f4 gxf4 11. gxf4 Kh8 12. Ng3 Ne7 13. Bd2 Rg8 1/2-1/2

[Event "ACP Blitz Prelim2"]
[Site "playchess.com INT"]
[Date "2004.04.13"]
[Round "6"]
[White "Kharlov, Andrei"]
[Black "Notkin, Maksim"]
[Result "0-1"]
[WhiteElo "2593"]
[BlackElo "2471"]
[PlyCount "114"]
[EventDate "2004.04.13"]
[EventType "tourn (blitz)"]
[EventRounds "17"]
[EventCountry "GER"]
[EventCategory "12"]
[SourceTitle "CBM 099 ext"]
[Source "ChessBase"]
[SourceDate "2004.05.04"]
[SourceVersion "1"]
[SourceVersionDate "2004.05.04"]
[SourceQuality "1"]

1. c4 Nf6 2. Nc3 c5 3. Nf3 e6 4. e3 d5 5. d4 Nc6 6. a3 Ne4 7. Qc2 Nxc3 8. Qxc3
Be7 9. dxc5 Bf6 10. Qc2 Qa5+ 11. Bd2 Qxc5 12. O-O-O O-O 13. cxd5 Qxc2+ 14. Kxc2
exd5 15. Bd3 Be6 16. Bc3 Bxc3 17. Kxc3 Rac8 18. Nd4 Rc7 19. Nb5 Rd7 20. Rc1 g6
21. Nd4 Rc7 22. Kd2 Rfc8 23. Nb5 Re7 24. Be2 Bf5 25. g4 Be6 26. Bf3 Rd8 27. Nd4
Ne5 28. Be2 Bxg4 29. Bxg4 Nxg4 30. Ke2 Ne5 31. Rc5 Nc4 32. b3 Nb6 33. Rhc1 Kg7
34. a4 Rd6 35. a5 Nd7 36. Rc7 Kf6 37. Rxb7 a6 38. Rc6 Rxc6 39. Nxc6 Re6 40.
Rxd7 Rxc6 41. Rxd5 Ke6 42. Rd4 Rc2+ 43. Kf3 Ra2 44. b4 Rb2 45. Kg3 h5 46. h4 f6
47. f3 Ke5 48. Rc4 Rb3 49. Rc5+ Ke6 50. Rc6+ Ke5 51. Rb6 g5 52. hxg5 fxg5 53.
e4 g4 54. Rxa6 Rxb4 55. fxg4 hxg4 56. Ra8 Kxe4 57. a6 Ra4 0-1

[Event "ACP Blitz Prelim2"]
[Site "playchess.com INT"]
[Date "2004.04.13"]
[Round "7"]
[White "Bareev, Evgeny"]
[Black "Kharlov, Andrei"]
[Result "1-0"]
[WhiteElo "2711"]
[BlackElo "2593"]
[PlyCount "75"]
[EventDate "2004.04.13"]
[EventType "tourn (blitz)"]
[EventRounds "17"]
[EventCountry "GER"]
[EventCategory "12"]
[SourceTitle "CBM 099 ext"]
[Source "ChessBase"]
[SourceDate "2004.05.04"]
[SourceVersion "1"]
[SourceVersionDate "2004.05.04"]
[SourceQuality "1"]

1. d4 d5 2. c4 e6 3. Nf3 c6 4. e3 f5 5. Bd3 Nf6 6. O-O Bd6 7. b3 Qe7 8. Bb2 O-O
9. Qc1 b6 10. Ba3 Bb7 11. Bxd6 Qxd6 12. Qa3 c5 13. Nbd2 Nc6 14. Rac1 Nb4 15.
Be2 Ne4 16. Rfd1 a5 17. Qb2 Qe7 18. Ne5 Rac8 19. Ndf3 g5 20. a3 Na6 21. cxd5
exd5 22. Bxa6 Bxa6 23. dxc5 Nxc5 24. b4 axb4 25. axb4 Ne4 26. Nc6 Qf7 27. b5
Bb7 28. Nfd4 Rce8 29. Qc2 f4 30. exf4 Qxf4 31. Re1 Nc5 32. Rxe8 Rxe8 33. Rd1
Qe4 34. Qd2 Qg6 35. Nf3 Ne4 36. Qxd5+ Qf7 37. Qxf7+ Kxf7 38. Rd7+ 1-0

[Event "ACP Blitz Prelim2"]
[Site "playchess.com INT"]
[Date "2004.04.13"]
[Round "9"]
[White "Shomoev, Anton"]
[Black "Kharlov, Andrei"]
[Result "0-1"]
[WhiteElo "2487"]
[BlackElo "2593"]
[PlyCount "122"]
[EventDate "2004.04.13"]
[EventType "tourn (blitz)"]
[EventRounds "17"]
[EventCountry "GER"]
[EventCategory "12"]
[SourceTitle "CBM 099 ext"]
[Source "ChessBase"]
[SourceDate "2004.05.04"]
[SourceVersion "1"]
[SourceVersionDate "2004.05.04"]
[SourceQuality "1"]

1. e4 c5 2. Nf3 d6 3. d4 cxd4 4. Nxd4 Nf6 5. Nc3 Nc6 6. Bg5 e6 7. Qd2 Be7 8.
O-O-O Nxd4 9. Qxd4 O-O 10. f4 Qa5 11. Bc4 Bd7 12. e5 dxe5 13. fxe5 Bc6 14. Bd2
Nd7 15. Nd5 Qd8 16. Nxe7+ Qxe7 17. Rhe1 Rfd8 18. Qg4 Nf8 19. Bd3 Rd5 20. Bb4
Qd8 21. Kb1 Ng6 22. Bd6 Qh4 23. Qxh4 Nxh4 24. g3 Nf3 25. Re2 Bb5 26. h4 Bxd3
27. Rxd3 Rxd3 28. cxd3 Nd4 29. Re4 Nf5 30. g4 Nxh4 31. Rc4 h6 32. Kc2 Nf3 33.
Kd1 b5 34. Rc7 Nh2 35. Ke2 Nxg4 36. Kf3 h5 37. Kf4 Nf2 38. Rc2 Ng4 39. Kg5 g6
40. Rc7 a6 41. b4 Ne3 42. Rd7 Kg7 43. Be7 Nd5 44. Bc5 a5 45. bxa5 Rxa5 46. a3
Ra4 47. d4 Rc4 48. Rb7 Rc2 49. Kh4 Rg2 50. Be7 Rg4+ 51. Kh3 g5 52. Kh2 h4 53.
Bf6+ Kg6 54. Rxb5 Rxd4 55. Rb3 Rd2+ 56. Kg1 Ra2 57. Kf1 Nf4 58. Ke1 h3 59. Rg3
h2 60. Rxg5+ Kh7 61. Rg7+ Kh6 0-1

[Event "ACP Blitz Prelim2"]
[Site "playchess.com INT"]
[Date "2004.04.13"]
[Round "10"]
[White "Kharlov, Andrei"]
[Black "Grabuzova, Tatiana"]
[Result "0-1"]
[WhiteElo "2593"]
[BlackElo "2348"]
[PlyCount "82"]
[EventDate "2004.04.13"]
[EventType "tourn (blitz)"]
[EventRounds "17"]
[EventCountry "GER"]
[EventCategory "12"]
[SourceTitle "CBM 099 ext"]
[Source "ChessBase"]
[SourceDate "2004.05.04"]
[SourceVersion "1"]
[SourceVersionDate "2004.05.04"]
[SourceQuality "1"]

1. e4 e6 2. d4 d5 3. Nc3 Nf6 4. Bg5 Bb4 5. Nge2 dxe4 6. a3 Be7 7. g3 O-O 8. Bg2
Nbd7 9. O-O h6 10. Be3 Nb6 11. Nxe4 Nc4 12. Bc1 Nxe4 13. Bxe4 e5 14. Qd3 Nd6
15. Bh7+ Kh8 16. dxe5 Ne8 17. Nf4 Qxd3 18. Bxd3 c6 19. Bd2 Nc7 20. Rfe1 Be6 21.
Bb4 Bxb4 22. axb4 a6 23. Rad1 Rad8 24. Be2 Bf5 25. Rxd8 Rxd8 26. Bd3 Be6 27. h4
g5 28. hxg5 hxg5 29. Nxe6 Nxe6 30. Re3 Kg7 31. c3 Nc7 32. Bc4 Rd2 33. Rd3 Rxd3
34. Bxd3 f6 35. exf6+ Kxf6 36. Kg2 Nd5 37. Kf3 Nb6 38. c4 Nd7 39. Ke4 Ne5 40.
Be2 b5 41. c5 Nd7 0-1

[Event "ACP Blitz Prelim2"]
[Site "playchess.com INT"]
[Date "2004.04.13"]
[Round "12"]
[White "Kharlov, Andrei"]
[Black "Kobalia, Mikhail"]
[Result "0-1"]
[WhiteElo "2593"]
[BlackElo "2630"]
[PlyCount "132"]
[EventDate "2004.04.13"]
[EventType "tourn (blitz)"]
[EventRounds "17"]
[EventCountry "GER"]
[EventCategory "12"]
[SourceTitle "CBM 099 ext"]
[Source "ChessBase"]
[SourceDate "2004.05.04"]
[SourceVersion "1"]
[SourceVersionDate "2004.05.04"]
[SourceQuality "1"]

1. c4 Nf6 2. Nf3 c6 3. d4 d5 4. Qb3 dxc4 5. Qxc4 Bf5 6. g3 e6 7. Bg2 Nbd7 8.
O-O Be7 9. Nc3 O-O 10. a4 a5 11. e3 Ne4 12. Rd1 Bb4 13. Bd2 Nb6 14. Qb3 Nd5 15.
Nh4 Nxd2 16. Rxd2 Bg4 17. Nf3 Bxf3 18. Bxf3 Qg5 19. Rd3 Qg6 20. Ne4 Rad8 21.
Rad1 h6 22. Bg2 Rb8 23. h4 Rfd8 24. Qc4 Be7 25. Qc1 Nb4 26. R3d2 Bf8 27. Kf1
Qf5 28. Qc4 Qg6 29. Qe2 Qf5 30. Kg1 Qg6 31. Bf3 Qf5 32. Kg2 Qg6 33. Nc3 Qf5 34.
h5 Qg5 35. Be4 b5 36. Bb1 bxa4 37. Qf3 Nd5 38. Ne4 Qe7 39. Qe2 Rb4 40. Qd3 f5
41. Nc5 Qf7 42. Rh1 Bxc5 43. dxc5 Nf4+ 44. gxf4 Rxd3 45. Bxd3 Qb7 46. Be2 Rxb2
47. Rd8+ Kh7 48. Bf3 Qb4 49. Rhd1 Qxc5 50. Kg3 Qc2 51. Rf1 a3 52. Ra8 a4 53.
Bd1 Qd3 54. Rg1 Rb1 55. Rxa4 Rxd1 56. Rxd1 Qxd1 57. Rxa3 Qg1+ 58. Kh3 Qh1+ 59.
Kg3 Qxh5 60. Ra7 Qg4+ 61. Kh2 Qf3 62. Kg1 h5 63. Kf1 h4 64. Ke1 h3 65. Kd2 h2
66. Kd3 h1=Q 0-1

[Event "ACP Blitz Prelim2"]
[Site "playchess.com INT"]
[Date "2004.04.13"]
[Round "14"]
[White "Kharlov, Andrei"]
[Black "Glek, Igor"]
[Result "1-0"]
[WhiteElo "2593"]
[BlackElo "2571"]
[PlyCount "105"]
[EventDate "2004.04.13"]
[EventType "tourn (blitz)"]
[EventRounds "17"]
[EventCountry "GER"]
[EventCategory "12"]
[SourceTitle "CBM 099 ext"]
[Source "ChessBase"]
[SourceDate "2004.05.04"]
[SourceVersion "1"]
[SourceVersionDate "2004.05.04"]
[SourceQuality "1"]

1. e4 e6 2. d4 d5 3. Nc3 Nf6 4. Bg5 Bb4 5. Nge2 h6 6. Bxf6 Qxf6 7. a3 Ba5 8.
exd5 O-O 9. Qd2 Rd8 10. O-O-O exd5 11. Qf4 Qc6 12. h4 Be6 13. g4 Nd7 14. g5 h5
15. Bh3 Re8 16. Qf3 g6 17. Bxe6 fxe6 18. Qd3 Nf8 19. Nf4 Bxc3 20. Qxc3 Qxc3 21.
bxc3 Re7 22. Rde1 Rae8 23. Re3 c6 24. Rhe1 Kf7 25. Nd3 Nd7 26. Rf3+ Kg7 27. Ne5
Nxe5 28. dxe5 Rf7 29. Rf6 Rc7 30. Kd2 c5 31. Rb1 Ree7 32. Rb5 Rc6 33. a4 Rec7
34. Kd3 Ra6 35. a5 Rac6 36. f4 Rd7 37. Kd2 d4 38. c4 Rdc7 39. Kd3 Ra6 40. Ke4
Rac6 41. Kd3 Rd7 42. Ke2 b6 43. a6 Re7 44. Kd2 Rc8 45. Rb3 Rd8 46. Kc1 Rde8 47.
Kb2 Rd7 48. Ka3 Rf7 49. Ka4 Rxf6 50. gxf6+ Kf7 51. Rxb6 axb6 52. Kb5 Rd8 53. a7
1-0

[Event "ACP Blitz Prelim2"]
[Site "playchess.com INT"]
[Date "2004.04.13"]
[Round "16"]
[White "Kharlov, Andrei"]
[Black "Macieja, Bartlomiej"]
[Result "1-0"]
[WhiteElo "2593"]
[BlackElo "2633"]
[PlyCount "141"]
[EventDate "2004.04.13"]
[EventType "tourn (blitz)"]
[EventRounds "17"]
[EventCountry "GER"]
[EventCategory "12"]
[SourceTitle "CBM 099 ext"]
[Source "ChessBase"]
[SourceDate "2004.05.04"]
[SourceVersion "1"]
[SourceVersionDate "2004.05.04"]
[SourceQuality "1"]

1. d4 g6 2. g3 Bg7 3. Bg2 c5 4. dxc5 Qa5+ 5. Nd2 Qxc5 6. Ngf3 Nf6 7. O-O O-O 8.
e4 d6 9. c3 Qc7 10. Re1 Nc6 11. Nb3 Bg4 12. h3 Bxf3 13. Qxf3 Ne5 14. Qe2 Nfd7
15. Nd4 a6 16. Bg5 Rfe8 17. Rad1 Rac8 18. h4 h6 19. Bc1 b5 20. f4 Nc4 21. h5 e5
22. Nc2 exf4 23. hxg6 fxg6 24. gxf4 Nf6 25. Nb4 Qc5+ 26. Kh2 a5 27. Nd3 Qh5+
28. Qxh5 Nxh5 29. Rg1 Nf6 30. Bh3 Rc7 31. e5 dxe5 32. fxe5 Nxe5 33. Nxe5 Rxe5
34. Rxg6 Kh7 35. Rg2 Rh5 36. Be3 Ne4 37. Rg4 Re7 38. Rd3 Ng5 39. Bxg5 hxg5 40.
Rg2 Be5+ 41. Kg1 Bf4 42. Kf1 Rh6 43. a3 Kg7 44. Re2 Rxe2 45. Kxe2 Rf6 46. b4
axb4 47. axb4 Rc6 48. Bd7 Rb6 49. Rd5 Kf6 50. Bxb5 Rd6 51. Rxd6+ Bxd6 52. Kd3
Ke6 53. Bc6 Be7 54. Kc4 Kd6 55. Kb5 Kc7 56. c4 g4 57. Bg2 Bf6 58. c5 Bd4 59.
Kc4 Bf2 60. b5 Kb8 61. b6 g3 62. Kb5 Be3 63. c6 Bf4 64. Kc4 Kc8 65. Kd5 Kd8 66.
Bh3 Bb8 67. Kc5 Bf4 68. Kb5 Ke7 69. Ka6 Kd6 70. c7 Ke5 71. c8=Q 1-0